Suomen historian sitaatteja - Statistics

Yleistilastot
  • Tätä visaa on pelattu 248 kertaa
  • Keskiarvotulos 8 / 18
Vastaustilastot
Henkilö Sitaatti % Oikein
Matti Nykänen {Elämä} on ihmisen parasta aikaa
90%
Urho Kekkonen Saatanan {tunarit}
82%
Simo Häyhä Tein vain sen, mitä käskettiin, niin hyvin kuin {osasin}
81%
Eino Leino Kell' {onni} on se {onnen} kätkeköön
80%
Aleksis Kivi [viimeisinä sanoinaan] Minä {elän}
74%
Veikko Vennamo Kyllä {kansa} tietää
58%
Pentti Linkola {Ihminen} on evoluution erehdys
52%
Anneli Jäätteenmäki Puhun niin {totta} kuin osaan
51%
Juice Leskinen Maailma on kuin {krapula}. Se menee ohi odottamalla ja sen voi välttää vetämällä uudestaan lärvit
49%
Väinö Linna Historian ovat kirjoittaneet {voittajat}
42%
Linus Torvalds Kun {Microsoft} alkaa tehdä ohjelmia Linuxille, se tarkoittaa, että minä olen voittanut
35%
J.K. Paasikivi Kun pieraisee Helsingissä, niin {Pietarissa} se kuuluu kuin kanuunanlaukaus
30%
Adolf Ehrnrooth Suomi on {hyvä} {maa}. Se on paras meille suomalaisille
25%
Sofi Oksanen Suomalaisella miehellä ei ole sanoja tunteiden ilmaisemiseen, vaan hän korvaa ne {väkivallalla}
22%
Hertta Kuusinen Tšekkoslovakian tie on {meidän} {tiemme}
21%
Risto Ryti Isänmaan palvelus voi yhtä hyvin käydä päinsä {vankilassa} kuin presidentin linnassa
18%
Mikael Agricola Kyllä se kuulee {Suomen} {kielen} joka ymmärtää kaikkein mielen
8%
Sakari Topelius On kaksi voimaa, jotka voivat siirtää vuoria: {satu} ja usko
3%
Ehtoja vastaavia visoja ei löytynyt
Tulosjakauma
Jokaisen tuloksen saaneiden osuus
Persentiili vastausten määrän mukaan
Tuloshistoriasi
Et ole pelannut tätä visaa